000 01167nam0a22003371 4500
001 v19\rc\2023328
005 20251118181444.2
035 _a(NLR Aleph) 005103401
090 _a7416569
_c7416569
100 _a20080925d1916 u y0rusy50 ca
101 0 _arus
102 _aRU
105 _ay z |||||
200 1 _aИз чего выросли кооперативы
_fПроф. Н.А. Каблуков
_gМоск. союз кредит. и ссудо-сберегат. т-в
210 _aМосква
_cтип. Риж. центр. с.-х. о-ва
_d1916
215 _a16 с.
_d22
309 _aБез тит. л.
316 _aЭкз. РНБ (37.61.4.232): с автогр. авт.
_5NLR: 37.61.4.232
532 1 3 _aИз чего выросли кооперативы
700 1 _aКаблуков
_bН.А.
_f1849-1919
_gНиколай Алексеевич
801 0 _aRU
_bNLR
_gpsbo
801 0 _aRU
_bRuMoRGB
_2psbo
801 1 _aRU
_bProSoft-M
_2rusmarc
852 _aNLR
_j37.61.4.232
899 _aRuMoRGB
_jV 162/181
899 _aRuMoRGB
_jU 394/440
899 _aRuMoRGB
_jM 53/334
899 _aБАН
942 _cBOOK
980 _aNB